000 00568nam a2200169Ia 4500
003 GCL
008 140319s9999 xx 000 0 ara d
040 _aGCL /
_cGCL
082 0 4 _a843.9
_bف ا
100 1 _aفوزى العنتيل
245 1 0 _aالاعمال الكاملة: ترجمة وصياغة شعرية لقصائد مختارة من الشعر المجرى المجلد الثانى /
_cفوزى العنتيل
300 _a567
490 _a100 قصة
_v0
650 0 4 _aالشعر
650 0 4 _aالشعر المجرى المترجم
942 _2ddc
_cBK
999 _c46332
_d46332